| 000 | 00416nam a2200169Ia 4500 | ||
|---|---|---|---|
| 008 | 230524s9999 xx 000 0 und d | ||
| 020 | _a8173192715 | ||
| 082 |
_a4.12 _bJAN |
||
| 100 | _aPankaj Jalote | ||
| 245 | 3 | _aAn Integrated Approach to Software Engineering | |
| 250 | _a2ND | ||
| 260 |
_aNEW DELHI _bNarosa _c2005 |
||
| 300 | _aXIV;497 | ||
| 500 | _aQuantity Number: 12 | ||
| 650 | _aComp-Sc | ||
| 942 | _cBK | ||
| 999 |
_c3887 _d3887 |
||